|
|
|
|
| LEADER |
00000cam a2200000 7i4500 |
| 001 |
0000000316 |
| 005 |
20030422.0 |
| 020 |
0 |
0 |
|a 9810414331
|
| 090 |
0 |
0 |
|a 633.851
|b RAN 1998
|
| 100 |
1 |
0 |
|a RANKINE
|h Ian R.
|
| 245 |
1 |
0 |
|a Mature
|c Ian Rankine and Thomas Fairhurst
|
| 260 |
0 |
0 |
|a Singapore :
|b Potash & Phosphate Institute ,
|c 1998
|
| 300 |
|
|
|a vii, 134 p. :
|b col. ill. ;
|c 21 cm.
|
| 440 |
0 |
0 |
|a Oil palm series; v. 3
|
| 500 |
0 |
0 |
|a Spiral bound book
|a Field handbook
|
| 650 |
0 |
0 |
|a Oil palm
|x Handbooks, manuals, etc.
|
| 700 |
0 |
1 |
|a Fairhurst
|h Thomas H.
|
| 998 |
|
|
|a JPSM
|
| 999 |
|
|
|a 0000001045
|b Monograph
|c Open Shelf
|e Default branch
|